[Event "Vaujany op 5th"]
[Site "Vaujany"]
[Date "2014.07.17"]
[Round "8.5"]
[White "Stamboulian, Brice"]
[Black "Trin, Pierre"]
[Result "1-0"]
[WhiteElo "1688"]
[BlackElo "1810"]
[PlyCount "69"]
[EventDate "2014.07.10"]
[EventType "swiss"]
[EventRounds "9"]
[EventCountry "FRA"]
[SourceTitle "EXT 2017"]
[Source "ChessBase"]
[SourceDate "2016.10.25"]
[SourceVersion "1"]
[SourceVersionDate "2016.10.25"]
[SourceQuality "1"]

1. e4 c5 2. c3 d5 3. exd5 Qxd5 4. d4 Nf6 5. Nf3 e6 6. Na3 cxd4 7. Nb5 Qd8 8. Nbxd4 Be7 9. Bd3 0-0 10. 0-0 b6 11. Bb1 Bb7 12. Re1 Nc6 13. Qc2 Nxd4 14. Nxd4 Qd5 15. Nf3 Rfd8 16. Bg5 g6 17. h4 h6 18. Bf4 Nh5 19. Bxh6 Kh7 20. Be3 Ng7 21. Bd4 Nf5 22. Re5 Qc6 23. h5 f6 24. hxg6+ Kg7 25. Re1 Rh8 26. Qe4 Qc7 27. Qg4 Bxf3 28. Qxf3 Rad8 29. g3 Rh6 30. Bxf5 exf5 31. Qxf5 Rdh8 32. Kf1 Qc4+ 33. Kg2 Qc6+ 34. Qe4 Qxe4+ 35. Rxe4 1-0

[Event "Vaujany op 5th"]
[Site "Vaujany"]
[Date "2014.07.13"]
[Round "4.3"]
[White "Sublet, Laurent"]
[Black "Trin, Pierre"]
[Result "1/2-1/2"]
[WhiteElo "1742"]
[BlackElo "1810"]
[PlyCount "117"]
[EventDate "2014.07.10"]
[EventType "swiss"]
[EventRounds "9"]
[EventCountry "FRA"]
[SourceTitle "EXT 2017"]
[Source "ChessBase"]
[SourceDate "2016.10.25"]
[SourceVersion "1"]
[SourceVersionDate "2016.10.25"]
[SourceQuality "1"]

1. e4 c5 2. c3 d5 3. exd5 Qxd5 4. d4 Nc6 5. Nf3 Bg4 6. Be2 cxd4 7. cxd4 e6 8. Nc3 Qd8 9. 0-0 Nf6 10. h3 Bh5 11. Be3 Be7 12. Qb3 Rb8 13. Rfd1 Nd5 14. Nxd5 Qxd5 15. Qxd5 exd5 16. g4 Bg6 17. Bb5 0-0 18. Bxc6 bxc6 19. Ne5 Rxb2 20. Nxc6 Bd6 21. Rd2 Rb7 22. Na5 Rb6 23. Nb3 f5 24. gxf5 Bxf5 25. Nc5 Bxh3 26. Rd3 Bf5 27. Rdd1 Bb8 28. Rac1 Rg6+ 29. Kf1 Bh3+ 30. Ke1 Rg1+ 31. Kd2 Rxd1+ 32. Rxd1 Bd6 33. Rc1 h5 34. Nd3 Bf5 35. Nf4 Bxf4 36. Bxf4 h4 37. Ke3 h3 38. Be5 Rf7 39. f3 Kh7 40. Rc7 Rxc7 41. Bxc7 Kg6 42. Kf2 Kf7 43. Bh2 Ke6 44. Ke3 Bb1 45. a3 Kf5 46. Kf2 Ke6 47. Ke3 g5 48. Kf2 Kd7 49. Ke3 Kc6 50. Kf2 Kb5 51. Bd6 Kc4 52. Bc5 a5 53. Kg3 Bf5 54. Kh2 Kd3 55. Kg3 Ke3 56. Bb6 a4 57. Bc5 h2 58. Kxh2 Kxf3 59. Kg1 1/2-1/2

[Event "Vaujany op 5th"]
[Site "Vaujany"]
[Date "2014.07.12"]
[Round "3.5"]
[White "Trin, Pierre"]
[Black "Greiner, Leon"]
[Result "1-0"]
[WhiteElo "1810"]
[BlackElo "1622"]
[PlyCount "69"]
[EventDate "2014.07.10"]
[EventType "swiss"]
[EventRounds "9"]
[EventCountry "FRA"]
[SourceTitle "EXT 2017"]
[Source "ChessBase"]
[SourceDate "2016.10.25"]
[SourceVersion "1"]
[SourceVersionDate "2016.10.25"]
[SourceQuality "1"]

1. e4 c6 2. d4 d5 3. Nc3 dxe4 4. Nxe4 Nd7 5. Qe2 e6 6. Bg5 Ngf6 7. 0-0-0 Be7 8. Nf3 Qa5 9. Kb1 Qf5 10. Ng3 Qa5 11. c4 h6 12. Bd2 Qc7 13. Re1 Nb6 14. Ne5 0-0 15. Ne4 Nbd7 16. Nxf6+ Nxf6 17. g4 Nd7 18. g5 Nxe5 19. dxe5 Bxg5 20. Bxg5 hxg5 21. Qh5 f5 22. Qxg5 Qd8 23. Qe3 b6 24. Bg2 Bb7 25. h4 Qe7 26. h5 f4 27. Qe4 Rf5 28. Bf3 Raf8 29. Rd1 R8f7 30. c5 Qxc5 31. h6 gxh6 32. Bg4 Rxe5 33. Qg6+ Kf8 34. Rd8+ Ke7 35. Rhd1 1-0

[Event "Vaujany op 5th"]
[Site "Vaujany"]
[Date "2014.07.11"]
[Round "2.3"]
[White "Goubet, Alain"]
[Black "Trin, Pierre"]
[Result "1/2-1/2"]
[WhiteElo "1634"]
[BlackElo "1810"]
[PlyCount "50"]
[EventDate "2014.07.10"]
[EventType "swiss"]
[EventRounds "9"]
[EventCountry "FRA"]
[SourceTitle "EXT 2017"]
[Source "ChessBase"]
[SourceDate "2016.10.25"]
[SourceVersion "1"]
[SourceVersionDate "2016.10.25"]
[SourceQuality "1"]

1. f4 Nf6 2. d4 c5 3. e3 cxd4 4. exd4 Nc6 5. c3 e6 6. Nf3 Be7 7. Bd3 b6 8. 0-0 Bb7 9. Nbd2 Qc7 10. Nc4 d6 11. a4 0-0 12. Ng5 h6 13. Rf3 Na5 14. Rh3 Nxc4 15. Qc2 Bd5 16. Nh7 Rfe8 17. Nxf6+ Bxf6 18. Qf2 Kf8 19. g4 Bb7 20. Be2 g6 21. g5 hxg5 22. fxg5 Bg7 23. Bxc4 Qxc4 24. Rh7 Qc6 25. Kf1 Qf3 1/2-1/2

[Event "Vaujany op 3rd"]
[Site "Vaujany"]
[Date "2012.07.12"]
[Round "1"]
[White "Trin, Pierre"]
[Black "Moal, Alain"]
[Result "0-1"]
[WhiteElo "1858"]
[BlackElo "2175"]
[PlyCount "49"]
[EventDate "2012.07.12"]
[EventType "swiss"]
[EventRounds "9"]
[EventCountry "FRA"]
[SourceTitle "CBM 149 Extra"]
[Source "ChessBase"]
[SourceDate "2012.08.24"]
[SourceVersion "1"]
[SourceVersionDate "2012.08.24"]
[SourceQuality "1"]

1. e4 c5 2. Nf3 Nc6 3. Bb5 e6 4. Bxc6 bxc6 5. 0-0 Ne7 6. b3 Ng6 7. Bb2 f6 8. e5 Be7 9. Na3 0-0 10. Nc4 fxe5 11. Ncxe5 Bf6 12. d4 d6 13. Ng4 Bxd4 14. Bxd4 cxd4 15. Qxd4 e5 16. Qc4+ d5 17. Qe2 e4 18. Rfd1 Rf4 19. Ne3 Qf6 20. g3 Rxf3 21. Ng2 Bg4 22. Qd2 Rf8 23. Rf1 d4 24. Rad1 e3 25. Qe1 0-1